000 00460nam a2200169Ia 4500
999 _c27036
_d27036
003 OSt
005 20210107093343.0
008 190216s9999||||xx |||||||||||||| ||und||
040 _coclc
082 _a150
_bSRE/V
100 _aSreekumar
_98213
245 0 _aVijayathinte Rehasiam /
_cSreekumar
260 _bPoorna Publications,
_c1992.
_aKozhikode:
300 _a111p
650 _aGeneral
942 _cBK
_2ddc
_h150
_iSRE/V
_k150
_mSRE/V